Normal view
MARC view
- Quick, Michael
Entry Personal Name
001 - CONTROL NUMBER
- control field: 38451
003 - CONTROL NUMBER IDENTIFIER
- control field: NUST
005 - DATE AND TIME OF LATEST TRANSACTION
- control field: 20210314130723.0
008 - FIXED-LENGTH DATA ELEMENTS
- fixed length control field: 210314|| aca||aabn | a|a d
040 ## - CATALOGING SOURCE
- Original cataloging agency: NUST
- Transcribing agency: NUST
100 ## - HEADING--PERSONAL NAME
- Personal name: Quick, Michael
670 ## - SOURCE DATA FOUND
- Source citation: Work cat.: (NUST): Heggie, Ian Graemie. 38446, A framework for analyzing financial performance of the transport sector /, [1990]
